A to Z Jubilee Quiz Stats

Quiz Updated Mar 20, 2017

Also try: Fifteen in Five
Challenge
Share
Tweet
Embed
Score 0/88 Timer 08:00
7 Plays Today
% Correct
France...
92.7%
Washington...
92.5%
Clinton...
91.5%
Spain...
91.1%
Bush...
90.9%
Germany...
90.6%
Italy...
90.3%
Roosevelt...
87.8%
Adams...
86.8%
Jefferson...
86.5%
Denmark
86.3%
John...
85%
Obama
84.8%
Portugal...
84.3%
Athens...
83.9%
Austria...
83%
Belgium...
82.3%
London...
82.2%
Lincoln
82.2%
Hoover...
79.4%
Truman...
79.2%
Latvia...
79.2%
Russia...
77.9%
Beijing...
77.6%
Norway...
77.3%
Nixon
76.8%
Luke...
75.8%
Kennedy
75.4%
Mark...
75.2%
Eisenhower
74.4%
% Correct
Bambi...
74.3%
Ford...
74.2%
Genesis...
73.3%
United Kingdom...
73.1%
Madison...
72.8%
Sydney...
72.3%
Macedonia...
72%
Czechia...
71.2%
Grant...
70.8%
Lady and the Tramp...
70.7%
Hungary
69.9%
Snow White and the Seven Dwarfs...
68.6%
Alice in Wonderland...
67.8%
Cinderella...
67.4%
Estonia
66.4%
Exodus...
65.2%
Polk...
64.8%
Psalms...
64.7%
Vatican City
62.6%
Turkey
62.1%
Pinocchio...
58.8%
Van Buren
58.3%
Moscow...
58.3%
Ruth...
58.2%
Deuteronomy...
55.5%
Fantasia...
53.2%
Numbers...
51.4%
Acts...
49.9%
Kosovo
48.6%
Dumbo...
48.3%
% Correct
Vancouver
46.4%
Paris
46.2%
Tokyo...
45.6%
Corinthians...
43.9%
Mulan...
41.8%
Rome...
39%
Kings
37%
The Jungle Book
36.2%
Oslo
34.7%
The Three Caballeros...
32.3%
Robin Hood...
32.1%
The Hunchback of Notre Dame...
31.9%
Samuel...
30.5%
Calgary...
29.5%
One Hundred and One Dalmatians...
29.4%
Timothy...
28.7%
Isaiah
28.5%
Hebrews...
26.9%
Helsinki
25.9%
Zootopia
25.1%
Nagano
23%
Zephaniah...
21.7%
Obadiah
19.2%
Innsbruck
15.1%
The Emperor's New Groove
12.8%
Grenoble...
9.7%
Winnie the Pooh...
9.6%
The Great Mouse Detective
8.9%

You're not logged in!

Compare scores with friends on all Sporcle quizzes.
Sign Up with Email
OR
Log In

You Might Also Like...

Show Comments

Extras

Top Quizzes Today


Score Distribution

Your Account Isn't Verified!

In order to create a playlist on Sporcle, you need to verify the email address you used during registration. Go to your Sporcle Settings to finish the process.